Čo s úrokmi z bankových úverov reštriktívna úverová politika proti nerovnováhe ekonomiky

Reštriktívna úverová politika bánk. Platenie úrokov z úverov v minulosti. Vývoj úrokových sadzieb z čerpaných bankových úverov po novembri 1989. Terajšia výška úrokov. Vývoj v Českej republike. Tlak vysokých úrokov na podniky a ich dôsledky. Ustanovenia návrhu nového Občianskeho zákonníka zabraňujúc...

Ausführliche Beschreibung

Gespeichert in:
Bibliographische Detailangaben
1. Verfasser: Zirin, Anton
Format: Buchkapitel
Sprache:Slowakisch
Schlagworte:
Tags: Tag hinzufügen
Keine Tags, Fügen Sie das erste Tag hinzu!

MARC

LEADER 00000naa a2200000 4500
001 r034832
005 20230824101304.8
041 0 |a slo 
044 |a SK 
245 1 0 |a Čo s úrokmi z bankových úverov  |b reštriktívna úverová politika proti nerovnováhe ekonomiky  |c Anton Zirin 
520 |a Reštriktívna úverová politika bánk. Platenie úrokov z úverov v minulosti. Vývoj úrokových sadzieb z čerpaných bankových úverov po novembri 1989. Terajšia výška úrokov. Vývoj v Českej republike. Tlak vysokých úrokov na podniky a ich dôsledky. Ustanovenia návrhu nového Občianskeho zákonníka zabraňujúce zneužívaniu postavenia bánk ako veriteľa v otázke úrokov. 
610 2 0 |a úrok 
610 2 0 |a úver bankový 
610 2 0 |a banky 
610 2 0 |a podnik 
610 2 0 |a podnikatelia 
610 2 0 |a miera úroková 
610 2 0 |a Slovensko 
610 2 0 |a Česko 
610 2 0 |a história 
100 1 |a Zirin, Anton